00257nam a2200085Ia 4500008004100000245006000041260004000101300001000141650002000151220216s9999 xx 000 0 und d 0aImplementation of strategies to develop rubber industry bRubber International Magazinec1999 a68-70 aRubber industry